[Event "XXVIII Festival A"]
[Site "Arco ITA"]
[Date "2006.10.26"]
[Round "6"]
[White "Becker, Jonas"]
[Black "Giuriato, Sergio"]
[Result "1-0"]
[WhiteElo "1922"]
[BlackElo "2013"]
[PlyCount "79"]
[EventDate "2006.10.21"]

1. d4 Nf6 2. c4 e6 3. Nc3 Bb4 4. Qc2 c5 5. e3 O-O 6. a3 Bxc3+ 7. bxc3 d6 8. Bd3
Nc6 9. Nf3 e5 10. d5 Ne7 11. h3 Bd7 12. O-O g6 13. e4 Nh5 14. Bh6 Ng7 15. Nh2
f5 16. f4 fxe4 17. Bxe4 exf4 18. Bxf4 Qc7 19. g4 Rf7 20. Rf2 Raf8 21. Raf1 Ne8
22. Bh6 Ng7 23. Rxf7 Rxf7 24. Rxf7 Kxf7 25. Qf2+ Nef5 26. Bxg7 Kxg7 27. gxf5
Qa5 28. fxg6 hxg6 29. Qg3 Be8 30. h4 Qxa3 31. h5 Qc1+ 32. Nf1 g5 33. h6+ Kxh6
34. Qxd6+ Kg7 35. Qe5+ Kf8 36. Qf6+ Kg8 37. d6 Qf4 38. Bd5+ Kh7 39. Qxf4 gxf4
40. Be6 1-0

[Event "XXVIII Festival A"]
[Site "Arco ITA"]
[Date "2006.10.26"]
[Round "6"]
[White "Blagojevic, Dragisa"]
[Black "Drasko, Milan"]
[Result "1/2-1/2"]
[WhiteElo "2534"]
[BlackElo "2547"]
[PlyCount "21"]
[EventDate "2006.10.21"]

1. c4 c5 2. Nf3 Nf6 3. g3 d5 4. cxd5 Nxd5 5. Bg2 Nc6 6. Nc3 Nc7 7. d3 e5 8. O-O
Be7 9. Nd2 Bd7 10. Nc4 f6 11. f4 1/2-1/2

[Event "XXVIII Festival A"]
[Site "Arco ITA"]
[Date "2006.10.26"]
[Round "6"]
[White "Blasco, Domenico"]
[Black "Dalponte, Dino"]
[Result "1/2-1/2"]
[WhiteElo "1992"]
[BlackElo "2140"]
[PlyCount "184"]
[EventDate "2006.10.21"]

1. d4 d5 2. Bf4 c6 3. Nf3 Nf6 4. Nbd2 Qb6 5. Rb1 Bf5 6. e3 Nbd7 7. Be2 e6 8. h3
h6 9. Ne5 Nxe5 10. Bxe5 Nd7 11. Bh2 c5 12. Nf3 Qa5+ 13. Qd2 Qxa2 14. O-O Qa4
15. Rfc1 c4 16. b3 Qc6 17. bxc4 dxc4 18. Qc3 b5 19. Bd3 Bxh3 20. gxh3 Qxf3 21.
Bf1 Qf5 22. e4 Qg5+ 23. Bg2 a5 24. f4 Qh5 25. d5 Bb4 26. Qxg7 O-O-O 27. dxe6
fxe6 28. Qg4 Qf7 29. Qf3 e5 30. fxe5 Qe6 31. Qf5 Qb6+ 32. Kh1 Rdf8 33. Qg4 Rhg8
34. e6 Rxg4 35. exd7+ Kxd7 36. Rd1+ Ke7 37. hxg4 Bc3 38. Rd5 b4 39. Bd6+ Qxd6
40. Rxd6 Kxd6 41. Rd1+ Kc7 42. e5 Rd8 43. Rxd8 Kxd8 44. Bd5 Bxe5 45. Bxc4 Kc7
46. Kg2 Kc6 47. Kf3 Kc5 48. Bb3 Kd4 49. Ba4 Bf6 50. Bb3 Bg5 51. Ba4 Bc1 52. Bb3
Kc3 53. Ke4 Kb2 54. Kd3 Ka3 55. Be6 Kb2 56. Bb3 Bg5 57. Ba4 Ka3 58. Bd7 Be7 59.
Bc6 Kb2 60. Ba4 Bd6 61. Bc6 Ka3 62. Bd7 a4 63. Kd2 Bf4+ 64. Kd1 b3 65. cxb3
axb3 66. Bf5 Ka2 67. Be6 Ka3 68. Bf5 Kb4 69. Bg6 Kc3 70. Bf5 Kb2 71. Be6 Ka3
72. Bf5 Ka2 73. Bg6 Bg5 74. Bf7 Kb2 75. Be6 Kc3 76. Bf5 b2 77. Bb1 Bf6 78. Bc2
Kd4 79. Bg6 Kc3 80. Bc2 Bg5 81. Bg6 Kb3 82. Bf7+ Kc3 83. Bg6 Bc1 84. Bc2 Kd4
85. Bg6 Kc3 86. Bc2 Kc4 87. Bg6 Kb3 88. Bf7+ Kc3 89. Bg6 Bf4 90. Bc2 Be5 91.
Bg6 Bf6 92. Bf5 Bh8 1/2-1/2

[Event "XXVIII Festival A"]
[Site "Arco ITA"]
[Date "2006.10.26"]
[Round "6"]
[White "Bondielli, Giorgio"]
[Black "La Manna, Francesco"]
[Result "0-1"]
[WhiteElo "1986"]
[BlackElo "2119"]
[PlyCount "102"]
[EventDate "2006.10.21"]

1. e4 d6 2. d4 Nf6 3. Bd3 c6 4. Nf3 Bg4 5. Nbd2 e5 6. dxe5 dxe5 7. Nf1 Nbd7 8.
Ng3 Be7 9. h3 Bh5 10. Nf5 O-O 11. g4 Bg6 12. Bg5 Re8 13. Qe2 Qa5+ 14. Bd2 Bb4
15. a3 Bxd2+ 16. Nxd2 Bxf5 17. gxf5 Nc5 18. O-O-O b5 19. Nb3 Nxb3+ 20. cxb3
Red8 21. Bc2 Rxd1+ 22. Rxd1 Rd8 23. b4 Qc7 24. Rd3 Kf8 25. Rc3 a6 26. Qe3 Rd6
27. Qg5 h6 28. Qe3 Nh5 29. Qc5 Nf4 30. Kb1 f6 31. Bd3 Ke8 32. Bf1 Kf7 33. Ka2
Rd1 34. Rc1 Qd6 35. Qc2 Rxc1 36. Qxc1 Ke7 37. Qe3 Qd4 38. Qf3 Qd2 39. Qg3 Kf7
40. Qf3 Kg8 41. Qg3 Kh7 42. Bg2 Kh8 43. Bf1 Qd1 44. Qg1 Nxh3 45. Qg6 Nf4 46.
Qe8+ Kh7 47. Bg2 Qe2 48. Bh1 Qxf2 49. Qxc6 h5 50. Qc3 h4 51. Bf3 h3 0-1

[Event "XXVIII Festival A"]
[Site "Arco ITA"]
[Date "2006.10.26"]
[Round "6"]
[White "Bronznik, Valerij"]
[Black "Salvador, Roland"]
[Result "1/2-1/2"]
[WhiteElo "2391"]
[BlackElo "2455"]
[PlyCount "24"]
[EventDate "2006.10.21"]

1. d4 Nf6 2. c4 g6 3. Nc3 Bg7 4. Nf3 O-O 5. Bg5 d6 6. e3 c6 7. Be2 Bg4 8. h3
Bxf3 9. Bxf3 Nbd7 10. O-O Re8 11. Qc2 h6 12. Bh4 Nf8 1/2-1/2

[Event "XXVIII Festival A"]
[Site "Arco ITA"]
[Date "2006.10.26"]
[Round "6"]
[White "Buck, Klaus-Michael"]
[Black "Giaracuni, Claudio"]
[Result "1/2-1/2"]
[WhiteElo "1665"]
[BlackElo "1652"]
[PlyCount "122"]
[EventDate "2006.10.21"]

1. b4 d5 2. Bb2 e6 3. e3 Nf6 4. a3 c6 5. c4 Be7 6. Nf3 Nbd7 7. Nc3 O-O 8. cxd5
exd5 9. Be2 Re8 10. O-O Nf8 11. Qb3 Bg4 12. h3 Bxf3 13. Bxf3 Ne6 14. d4 Ng5 15.
Be2 Nge4 16. Rad1 Nxc3 17. Bxc3 Ne4 18. Bf3 Nxc3 19. Qxc3 a5 20. Rb1 axb4 21.
axb4 Ra4 22. Bd1 Ra6 23. b5 Ra3 24. Qc2 cxb5 25. Rxb5 Qd7 26. Qb1 Rb8 27. Bf3
Ra1 28. Qxa1 Qxb5 29. Qa2 Rd8 30. Rb1 Qc6 31. Qb3 Rd7 32. Qb5 g6 33. Qxc6 bxc6
34. Rb8+ Kg7 35. Rc8 Rd6 36. Bd1 Kf6 37. Ba4 Ke6 38. Bxc6 Rd8 39. Rxd8 Bxd8 40.
Kf1 f5 41. Ke2 Bg5 42. g3 Bf6 43. f4 g5 44. Kf3 gxf4 45. Kf2 Bg7 46. g4 fxg4
47. hxg4 h6 48. Be8 Bf6 49. Kf3 Bg5 50. Ke2 Bh4 51. Kd3 Bg3 52. Bg6 Bf2 53.
Bf5+ Kd6 54. e4 dxe4+ 55. Kxe4 Be1 56. Kd3 Bf2 57. Be4 Be1 58. Ke2 Bc3 59. Kd3
Be1 60. Bg2 Bf2 61. Ke4 61... Be1 {...} 1/2-1/2

[Event "XXVIII Festival A"]
[Site "Arco ITA"]
[Date "2006.10.26"]
[Round "6"]
[White "Castellano, Alfonso"]
[Black "Cracco, Pietro"]
[Result "1/2-1/2"]
[WhiteElo "1926"]
[BlackElo "2039"]
[PlyCount "75"]
[EventDate "2006.10.21"]

1. c4 e6 2. g3 d5 3. Bg2 c6 4. Nf3 Nd7 5. d3 Ngf6 6. O-O Bd6 7. Nc3 O-O 8. e4
Bc7 9. Qe2 dxc4 10. dxc4 e5 11. b3 Ba5 12. Bb2 Re8 13. a3 Bxc3 14. Bxc3 Nc5 15.
Rad1 Qc7 16. Bxe5 Rxe5 17. Nxe5 Qxe5 18. Rd8+ Ne8 19. Qh5 Qe7 20. Rxe8+ Qxe8
21. Qxc5 b6 22. Qd6 Bg4 23. Qf4 Qd7 24. Bf3 Bxf3 25. Qxf3 Rd8 26. Qe3 Qd6 27.
a4 h6 28. e5 Qg6 29. Qe2 Qd3 30. Qb2 c5 31. Qb1 Qxb1 32. Rxb1 Rd3 33. Rb2 Kf8
34. f4 Ke7 35. Kf2 Ke6 36. Ke2 Rc3 37. Kd2 Rf3 38. Ke2 1/2-1/2

[Event "XXVIII Festival A"]
[Site "Arco ITA"]
[Date "2006.10.26"]
[Round "6"]
[White "De Nisi, Mario"]
[Black "Stolfa, Rodolfo"]
[Result "1-0"]
[WhiteElo "1961"]
[BlackElo "1754"]
[PlyCount "77"]
[EventDate "2006.10.21"]

1. d4 d5 2. c4 e6 3. Nc3 Nf6 4. cxd5 exd5 5. Bg5 Nbd7 6. e3 Be7 7. Qc2 c6 8.
Bd3 Ng4 9. Bxe7 Qxe7 10. Nge2 g6 11. Nf4 O-O 12. Qd2 f5 13. O-O-O b5 14. h4
Ndf6 15. f3 Nh6 16. Rdg1 Bd7 17. Nd1 Nh5 18. Nxh5 gxh5 19. Bc2 Qf6 20. Nf2 Be8
21. Nd3 Nf7 22. Nf4 Nd6 23. b3 Bf7 24. Rh3 Kh8 25. Qf2 Rg8 26. g3 b4 27. Rh2 c5
28. g4 fxg4 29. fxg4 Qe7 30. Rhg2 Ne4 31. Bxe4 dxe4 32. gxh5 cxd4 33. exd4 e3
34. Qb2 Rac8+ 35. Kd1 Rc3 36. Rxg8+ Bxg8 37. Qg2 Rc8 38. h6 Qf6 39. Qg7+ 1-0

[Event "XXVIII Festival A"]
[Site "Arco ITA"]
[Date "2006.10.26"]
[Round "6"]
[White "De Santis, Alessio"]
[Black "Crea, Vincenzo"]
[Result "1-0"]
[WhiteElo "2337"]
[BlackElo "2092"]
[PlyCount "49"]
[EventDate "2006.10.21"]

1. f4 d5 2. Nf3 Nf6 3. g3 c6 4. Bg2 Bf5 5. d3 h6 6. e3 e6 7. Qe2 Nbd7 8. Nbd2
Qc7 9. h3 Bh7 10. b3 a5 11. Bb2 a4 12. O-O Bc5 13. Kh2 Bd6 14. e4 Bb4 15. a3
Be7 16. b4 Kf8 17. c4 Nb6 18. cxd5 cxd5 19. Rac1 Qd8 20. f5 exf5 21. e5 Ne8 22.
Bd4 Bg6 23. e6 Nf6 24. Nh4 Bh5 25. Qe3 1-0

[Event "XXVIII Festival A"]
[Site "Arco ITA"]
[Date "2006.10.26"]
[Round "6"]
[White "Diotallevi, Maurizio"]
[Black "Wohl, Aleksandar H."]
[Result "0-1"]
[WhiteElo "2154"]
[BlackElo "2427"]
[PlyCount "110"]
[EventDate "2006.10.21"]

1. d4 g6 2. Nf3 Bg7 3. e4 d6 4. Be2 Nf6 5. Nc3 O-O 6. O-O a6 7. a4 b6 8. Re1
Bb7 9. Bf1 c5 10. d5 Nbd7 11. h3 Qc7 12. Bc4 Ne5 13. Nxe5 dxe5 14. Bg5 Ne8 15.
Qe2 Nd6 16. b3 h6 17. Bd2 Rfb8 18. Ra2 Bc8 19. Rea1 Kh7 20. Kh1 e6 21. f3 Qd8
22. Be3 Bf8 23. Kg1 Nxc4 24. Qxc4 Qe8 25. Qd3 Bb7 26. dxe6 Qxe6 27. Nd5 Bxd5
28. exd5 Qd7 29. c4 f5 30. Bf2 Re8 31. Re1 Bd6 32. Kh1 Re7 33. Kg1 Rae8 34.
Rae2 Rf7 35. Qc2 Qd8 36. Bg3 Qf6 37. Qb2 f4 38. Bf2 a5 39. Re4 g5 40. Qc2 Kg8
41. Kf1 h5 42. Ke2 Rh7 43. Kd1 Ree7 44. R4e2 g4 45. hxg4 hxg4 46. Rf1 e4 47.
Rxe4 Rxe4 48. fxe4 f3 49. gxf3 Qxf3+ 50. Qe2 Qxb3+ 51. Ke1 Qb4+ 52. Kd1 Qxa4+
53. Ke1 Qa1+ 54. Kd2 Bf4+ 55. Be3 Qd4+ 0-1

[Event "XXVIII Festival A"]
[Site "Arco ITA"]
[Date "2006.10.26"]
[Round "6"]
[White "Ferrari, Michele"]
[Black "Pedrotti, Luciano"]
[Result "1-0"]
[WhiteElo "1843"]
[BlackElo "1902"]
[PlyCount "89"]
[EventDate "2006.10.21"]

1. d4 Nf6 2. Bg5 d5 3. Bxf6 exf6 4. e3 Bd6 5. Bd3 O-O 6. Nd2 c5 7. c3 cxd4 8.
cxd4 Nc6 9. a3 Re8 10. Ne2 Bg4 11. Qb3 Bxe2 12. Bxe2 Bf8 13. Bf3 Nxd4 14. Qd3
Nxf3+ 15. Nxf3 Qa5+ 16. Nd2 Bb4 17. Rd1 Bxd2+ 18. Rxd2 Rad8 19. O-O a6 20. Rfd1
g6 21. Qb3 b5 22. Rxd5 Rxd5 23. Qxd5 Kg7 24. g3 Qc7 25. Qd4 Qe5 26. Kf1 h5 27.
Qxe5 fxe5 28. Rd6 Re6 29. Rxe6 fxe6 30. Ke2 e4 31. Kd2 e5 32. Kc3 a5 33. a4
bxa4 34. Kc4 Kf6 35. Kb5 Ke6 36. Kxa4 Kd5 37. Kxa5 Kc6 38. b4 g5 39. Ka6 Kc7
40. b5 h4 41. Ka7 hxg3 42. hxg3 Kd6 43. b6 Kc5 44. b7 Kc4 45. b8=Q 1-0

[Event "XXVIII Festival A"]
[Site "Arco ITA"]
[Date "2006.10.26"]
[Round "6"]
[White "Fortunato, Vito"]
[Black "Kern, Beat"]
[Result "1-0"]
[WhiteElo "1866"]
[BlackElo "1733"]
[PlyCount "53"]
[EventDate "2006.10.21"]

1. c4 Nf6 2. Nc3 e6 3. e4 Bb4 4. e5 Ng8 5. g3 Bxc3 6. bxc3 d5 7. Nf3 Ne7 8. d4
c6 9. Bd3 dxc4 10. Bxc4 b6 11. Qe2 Bb7 12. O-O Nd5 13. Bb2 Nd7 14. Nd2 b5 15.
Bd3 N7b6 16. Ne4 Nc8 17. f4 Qa5 18. f5 O-O 19. fxe6 fxe6 20. Rxf8+ Kxf8 21.
Rf1+ Ke8 22. Qf3 Kd7 23. Qf7+ Nce7 24. Nc5+ Kc7 25. Qxe6 Bc8 26. Qd6+ Kb6 27.
Qd8+ 1-0

[Event "XXVIII Festival A"]
[Site "Arco ITA"]
[Date "2006.10.26"]
[Round "6"]
[White "Friedrich, Norbert"]
[Black "Cardili, Mariano"]
[Result "1/2-1/2"]
[WhiteElo "2309"]
[BlackElo "2079"]
[PlyCount "80"]
[EventDate "2006.10.21"]

1. e4 e6 2. d4 d5 3. Nd2 c5 4. exd5 Qxd5 5. Ngf3 cxd4 6. Bc4 Qd6 7. O-O Nf6 8.
Nb3 Nc6 9. Qe2 a6 10. Rd1 Qc7 11. Nbxd4 Nxd4 12. Rxd4 b5 13. Bf4 Qb6 14. Bb3
Bc5 15. Rd3 O-O 16. Ne5 Bb7 17. Rad1 Ne4 18. Be3 Bxe3 19. Qxe3 Qxe3 20. Rxe3
Nc5 21. c3 Rfd8 22. Ree1 f6 23. Nd7 Nxb3 24. axb3 Bd5 25. Nb6 Bxb3 26. Nxa8
Rxd1 27. Rxd1 Bxd1 28. Nc7 Kf7 29. Kf1 Bb3 30. Nxa6 e5 31. Ke2 f5 32. g3 g5 33.
Nc5 Bd5 34. Nd3 Ke6 35. f4 exf4 36. gxf4 g4 37. Ke3 h5 38. Ne5 h4 39. Kf2 h3
40. Nd3 Kd6 1/2-1/2

[Event "XXVIII Festival A"]
[Site "Arco ITA"]
[Date "2006.10.26"]
[Round "6"]
[White "Geske, Julian"]
[Black "Burani, Eugenio"]
[Result "1/2-1/2"]
[WhiteElo "2148"]
[BlackElo "2023"]
[PlyCount "55"]
[EventDate "2006.10.21"]

1. e4 c5 2. Nf3 Nf6 3. Nc3 Nc6 4. d4 d5 5. exd5 Nxd5 6. dxc5 Nxc3 7. Qxd8+ Nxd8
8. bxc3 Bd7 9. Be3 e6 10. Nd2 Rc8 11. Nb3 e5 12. Bc4 Ne6 13. Bd5 Nxc5 14. Bxc5
Bxc5 15. Bxb7 Rc7 16. Nxc5 Rxc5 17. O-O-O Be6 18. Rd6 Rxc3 19. Re1 Ke7 20. Ra6
Rc7 21. Be4 h6 22. Bf3 f6 23. Bd1 Bc4 24. Ra3 Kf7 25. Bg4 Rd8 26. Rd1 Rxd1+ 27.
Kxd1 Be6 28. Bxe6+ 1/2-1/2

[Event "XXVIII Festival A"]
[Site "Arco ITA"]
[Date "2006.10.26"]
[Round "6"]
[White "Happel, Hendrik A."]
[Black "Weinberg, Emanuele"]
[Result "1-0"]
[WhiteElo "2213"]
[BlackElo "1956"]
[PlyCount "123"]
[EventDate "2006.10.21"]

1. d4 Nf6 2. c4 e6 3. Nc3 c5 4. d5 exd5 5. cxd5 d6 6. e4 g6 7. h3 Bg7 8. Bd3
O-O 9. Bg5 h6 10. Be3 Re8 11. Nf3 b6 12. O-O Ba6 13. Re1 Bxd3 14. Qxd3 b5 15.
Bf4 c4 16. Qc2 a6 17. Rad1 Qb6 18. b4 cxb3 19. axb3 Nbd7 20. Nd4 Nh5 21. Be3
Qc7 22. Rc1 b4 23. Na2 Qxc2 24. Nxc2 a5 25. f3 g5 26. Bd4 Ne5 27. Re2 Rec8 28.
Rb1 Nf4 29. Rd2 Nxh3+ 30. Kf1 Nf4 31. Ne3 f6 32. Bxe5 fxe5 33. Nc4 Rd8 34. Nc1
Ra6 35. Ra2 Rda8 36. Rba1 Bf6 37. Rxa5 Rxa5 38. Rxa5 Rxa5 39. Nxa5 Bd8 40. Nc4
Bc7 41. g3 Nh5 42. Kg2 Nf6 43. Nd3 Nd7 44. Nxb4 Nc5 45. Nc6 Nxb3 46. Ne7+ Kf7
47. Nf5 h5 48. Nfxd6+ Bxd6 49. Nxd6+ Kf6 50. Nf5 Nd4 51. Ne3 Nb5 52. Nc4 Nd4
53. Kf2 Nb3 54. Ke3 Nc5 55. Nb2 Nb3 56. Nd3 Nd4 57. Ne1 Nb5 58. Ng2 Na3 59. Ne1
Nb5 60. f4 Nd6 61. fxe5+ Kxe5 62. Nf3+ 1-0

[Event "XXVIII Festival A"]
[Site "Arco ITA"]
[Date "2006.10.26"]
[Round "6"]
[White "Heinig, Wolfram"]
[Black "Visser, Eddy"]
[Result "1-0"]
[WhiteElo "2364"]
[BlackElo "2140"]
[PlyCount "73"]
[EventDate "2006.10.21"]

1. d4 d5 2. Nf3 c6 3. c4 e6 4. Qc2 Nf6 5. g3 dxc4 6. Qxc4 b5 7. Qd3 Bb7 8. Bg2
a6 9. a4 c5 10. axb5 Be4 11. Qd2 axb5 12. Rxa8 Bxa8 13. dxc5 Qxd2+ 14. Bxd2
Bxc5 15. Nc3 b4 16. Na4 Be7 17. Nb6 Be4 18. O-O O-O 19. Rc1 Nc6 20. Bf4 h6 21.
Nc4 Bxf3 22. Bxf3 Nd4 23. Kg2 Nxf3 24. Kxf3 Nd5 25. Bd2 f5 26. Ra1 Bf6 27. Ra6
Rc8 28. b3 e5 29. e4 fxe4+ 30. Kxe4 Ne7 31. Bxb4 Nc6 32. Bc5 Kh7 33. Nd6 Rc7
34. b4 Nd8 35. Ne8 Rd7 36. Rxf6 Kg8 37. Bd6 1-0

[Event "XXVIII Festival A"]
[Site "Arco ITA"]
[Date "2006.10.26"]
[Round "6"]
[White "Idili, Leonardo"]
[Black "Catalano, Luigi"]
[Result "0-1"]
[WhiteElo "1710"]
[BlackElo "1808"]
[PlyCount "80"]
[EventDate "2006.10.21"]

1. d4 d5 2. Nf3 g6 3. Bf4 Bg7 4. e3 a6 5. c4 Be6 6. c5 c6 7. Nc3 Nf6 8. h3 Nbd7
9. Be2 O-O 10. O-O Ne8 11. a4 b6 12. b4 bxc5 13. bxc5 Qc8 14. Qc2 a5 15. Qd2
Nc7 16. Rab1 Na6 17. Rb3 Naxc5 18. dxc5 d4 19. Nxd4 Bxd4 20. Qxd4 Bxb3 21. Bh6
Nf6 22. Bxf8 Qxf8 23. Qf4 Nd5 24. Nxd5 Bxd5 25. Rb1 Qe8 26. e4 e5 27. Qf6 Bxe4
28. Rb7 Bd5 29. Re7 Qb8 30. Bf3 Qd8 31. Bxd5 Qxd5 32. Rxe5 Qd1+ 33. Kh2 Qxa4
34. Re7 Qc4 35. Rc7 a4 36. Rxc6 a3 37. Qa1 a2 38. Rb6 Qxc5 39. Rb2 Qe5+ 40. g3
Qxb2 0-1

[Event "XXVIII Festival A"]
[Site "Arco ITA"]
[Date "2006.10.26"]
[Round "6"]
[White "Kaserer, Hans-Peter"]
[Black "Savarese, Vincenzo"]
[Result "1-0"]
[WhiteElo "1989"]
[BlackElo "1865"]
[PlyCount "49"]
[EventDate "2006.10.21"]

1. d4 d5 2. c4 dxc4 3. Nc3 e6 4. e3 Nf6 5. Bxc4 c5 6. Nf3 Nc6 7. O-O Bd6 8. Nb5
O-O 9. Qe2 cxd4 10. exd4 Bb8 11. Rd1 a6 12. Nc3 b5 13. Bb3 Nb4 14. Bg5 Bb7 15.
a3 Qd6 16. axb4 Bxf3 17. Qxf3 Qxh2+ 18. Kf1 Nd5 19. Qh3 Qd6 20. Nxd5 exd5 21.
Re1 Ra7 22. Rac1 Qxb4 23. Rc8 Rc7 24. Rxc7 Bxc7 25. Be7 1-0

[Event "XXVIII Festival A"]
[Site "Arco ITA"]
[Date "2006.10.26"]
[Round "6"]
[White "Knors, Rudi"]
[Black "Schaefer, Michael"]
[Result "1/2-1/2"]
[WhiteElo "2071"]
[BlackElo "2199"]
[PlyCount "65"]
[EventDate "2006.10.21"]

1. d4 f5 2. Nf3 Nf6 3. g3 g6 4. Bg2 Bg7 5. O-O O-O 6. c4 d6 7. Nc3 Qe8 8. Nd5
Nxd5 9. cxd5 Nd7 10. Qb3 Nb6 11. Be3 e6 12. dxe6 Bxe6 13. Qc2 c6 14. Qc1 Bd5
15. Re1 Rf7 16. b3 Qf8 17. Qa3 h6 18. h4 Be4 19. Rad1 Nd5 20. Bd2 f4 21. g4 Bf6
22. Bb4 Be7 23. Rc1 a5 24. Bd2 Qc8 25. Bh3 h5 26. Nh2 g5 27. f3 Bh7 28. hxg5
Bxg5 29. Qxd6 Be7 30. Qe5 Bf6 31. Qxh5 Bxd4+ 32. Kh1 Qf8 33. Qg5+ 1/2-1/2

[Event "XXVIII Festival A"]
[Site "Arco ITA"]
[Date "2006.10.26"]
[Round "6"]
[White "Kranebitter, Gerhard"]
[Black "Niccoli, Paolo"]
[Result "1-0"]
[WhiteElo "2091"]
[BlackElo "1994"]
[PlyCount "117"]
[EventDate "2006.10.21"]

1. g3 d5 2. Bg2 Nf6 3. c4 c6 4. d3 Bf5 5. b3 e6 6. Bb2 Be7 7. Nf3 Nbd7 8. O-O
h6 9. Nbd2 O-O 10. a3 Rc8 11. Re1 Re8 12. h3 Bh7 13. Nf1 Nh5 14. e3 Bf6 15. d4
Be7 16. Ne5 Nhf6 17. Nh2 Be4 18. Bf1 Bf5 19. Nhf3 Ne4 20. Nd2 Ndf6 21. Kg2
Bxh3+ 22. Kg1 Bxf1 23. Nxf1 Nd7 24. f3 Nef6 25. Qd3 dxc4 26. Qxc4 Nxe5 27. dxe5
Nd5 28. e4 Nb6 29. Qc3 Qc7 30. Ne3 Rcd8 31. Rad1 f6 32. f4 fxe5 33. Qxe5 Qxe5
34. fxe5 Bc5 35. Kf2 Kf7 36. Ke2 Bxe3 37. Kxe3 Ke7 38. a4 Nd7 39. Rf1 c5 40.
Rd2 Nb8 41. Rc2 Na6 42. Bc3 Rf8 43. Rh1 Rd7 44. g4 Rfd8 45. g5 Rd1 46. Rhh2
R8d3+ 47. Ke2 Rd7 48. gxh6 gxh6 49. Rxh6 Rb1 50. Bd2 Kd8 51. Rxe6 Rxb3 52. Bg5+
Kc7 53. Re8 b6 54. e6 Rh7 55. Bf4+ Kb7 56. Rd2 Rbh3 57. Rd7+ Kc6 58. Rc8+ Nc7
59. Rcxc7# 1-0

[Event "XXVIII Festival A"]
[Site "Arco ITA"]
[Date "2006.10.26"]
[Round "6"]
[White "Loi, Andrea"]
[Black "Salati, Paolo"]
[Result "1/2-1/2"]
[WhiteElo "2069"]
[BlackElo "1921"]
[PlyCount "109"]
[EventDate "2006.10.21"]

1. d4 d5 2. c4 c6 3. Nc3 Nf6 4. cxd5 Nxd5 5. e4 Nxc3 6. bxc3 e6 7. Bd3 Nd7 8.
Ne2 Be7 9. O-O O-O 10. Qc2 e5 11. f4 f6 12. f5 Qc7 13. Rf3 c5 14. Qb3+ Kh8 15.
d5 Rg8 16. Kh1 Rb8 17. a4 Qa5 18. Ra2 Nf8 19. Bd2 Bd7 20. Bb5 a6 21. Bxd7 Nxd7
22. c4 Qb6 23. Qd1 g5 24. g4 Rg7 25. Rb3 Qc7 26. Rab2 Bd6 27. Qb1 Nf8 28. Rb6
Rd7 29. Ba5 Qc8 30. Bd2 Kg8 31. Ng3 Kf7 32. Nh5 Qc7 33. Qc1 h6 34. h4 Qd8 35.
hxg5 hxg5 36. Nxf6 Qxf6 37. Bxg5 Qh8+ 38. Rh2 Qg8 39. Rh6 Be7 40. Bxe7 Rxe7 41.
g5 Ke8 42. g6 Rg7 43. Qg5 Rd8 44. Qh4 Rdd7 45. Rh8 Rh7 46. gxh7 Qxh8 47. Qh5+
Kd8 48. Qg5+ Kc7 49. Rh6 Rxh7 50. Rxh7+ Qxh7+ 51. Kg1 Qf7 52. Kf2 Nd7 53. Kf3
a5 54. Qg6 Qf6 55. Ke3 1/2-1/2

[Event "XXVIII Festival A"]
[Site "Arco ITA"]
[Date "2006.10.26"]
[Round "6"]
[White "Luciani, Carlo"]
[Black "Dittmar, Peter"]
[Result "0-1"]
[WhiteElo "2236"]
[BlackElo "2365"]
[PlyCount "44"]
[EventDate "2006.10.21"]

1. e4 e6 2. d4 d5 3. Nd2 c5 4. exd5 exd5 5. Ngf3 a6 6. dxc5 Bxc5 7. Nb3 Ba7 8.
Be2 Nf6 9. O-O O-O 10. Nfd4 Nc6 11. Bf4 Re8 12. c3 Ne4 13. Nc2 Qh4 14. g3 Nxf2
15. Rxf2 Bxf2+ 16. Kxf2 Qxh2+ 17. Ke1 Bg4 18. Ne3 Rxe3 19. Bxe3 Re8 20. Bxg4
Rxe3+ 21. Be2 Ne5 22. Nd4 Nc4 0-1

[Event "XXVIII Festival A"]
[Site "Arco ITA"]
[Date "2006.10.26"]
[Round "6"]
[White "Luciani, Valerio"]
[Black "Vink, Wim"]
[Result "1-0"]
[WhiteElo "2229"]
[BlackElo "2118"]
[PlyCount "95"]
[EventDate "2006.10.21"]

1. Nf3 d5 2. c4 c6 3. b3 Nf6 4. Bb2 Bf5 5. e3 h6 6. d4 e6 7. Be2 Nbd7 8. O-O
Be7 9. Nc3 O-O 10. Nd2 Ne4 11. Ndxe4 dxe4 12. Qc2 Nf6 13. Rfd1 Qc7 14. Rd2 Bd6
15. g3 h5 16. c5 Be7 17. Bf1 e5 18. dxe5 Qxe5 19. Nd5 Qxd5 20. Rxd5 Nxd5 21. a3
Rfe8 22. h4 Rad8 23. Be2 Bg6 24. b4 a6 25. Bd4 f5 26. Qb2 Bf6 27. Rd1 Bxd4 28.
Rxd4 Bf7 29. a4 Rc8 30. Bc4 Kf8 31. Bxd5 Bxd5 32. Qe2 g6 33. Qb2 Rcd8 34. Rxd5
Rxd5 35. Qf6+ Kg8 36. Qxg6+ Kf8 37. Qxh5 a5 38. Qh8+ Kf7 39. Qh7+ Kf8 40. bxa5
Rxc5 41. h5 Re7 42. Qh8+ Kf7 43. h6 Rc1+ 44. Kg2 Kg6 45. Qg8+ Kxh6 46. Qf8+ Rg7
47. Qxf5 Rc4 48. Qe6+ 1-0

[Event "XXVIII Festival A"]
[Site "Arco ITA"]
[Date "2006.10.26"]
[Round "6"]
[White "Ludovici, Roberto"]
[Black "Bozzao, Francesco"]
[Result "0-1"]
[WhiteElo "1774"]
[BlackElo "1972"]
[PlyCount "98"]
[EventDate "2006.10.21"]

1. d4 Nf6 2. Nf3 g6 3. c4 Bg7 4. Nc3 d5 5. e3 O-O 6. cxd5 Nxd5 7. Nxd5 Qxd5 8.
Be2 c5 9. O-O Nc6 10. dxc5 Qxc5 11. Qa4 a6 12. Qc4 Qb6 13. Rb1 Be6 14. Qa4 Qb4
15. Qxb4 Nxb4 16. a3 Bf5 17. Bd2 Bxb1 18. Bxb4 Ba2 19. Rc1 Rac8 20. Bc3 b5 21.
g3 Rfd8 22. Kg2 Bd5 23. g4 Bxc3 24. bxc3 Bxf3+ 25. Bxf3 Rd3 26. Bb7 Rcxc3 27.
Rxc3 Rxc3 28. Bxa6 Rc5 29. Kf3 e5 30. g5 f5 31. gxf6 Kf7 32. h3 Kxf6 33. Ke4
Kg5 34. Kf3 Kf5 35. Kg3 g5 36. Kf3 h5 37. e4+ Ke6 38. Kg2 Kd6 39. Bb7 Rc3 40.
Ba6 Kc5 41. Bc8 h4 42. Bd7 Rxa3 43. Be6 b4 44. Bg4 Kd4 45. Be6 b3 46. Bxb3 Rxb3
47. f3 Ke3 48. Kh1 Kxf3 49. Kh2 Kf2 0-1

[Event "XXVIII Festival A"]
[Site "Arco ITA"]
[Date "2006.10.26"]
[Round "6"]
[White "Marini, Lucio"]
[Black "Rossi, Paolo"]
[Result "0-1"]
[WhiteElo "1902"]
[BlackElo "1790"]
[PlyCount "78"]
[EventDate "2006.10.21"]

1. d4 d5 2. c4 c6 3. Nc3 Nf6 4. Bg5 e6 5. e3 Be7 6. Nf3 Nbd7 7. cxd5 exd5 8.
Bd3 O-O 9. O-O h6 10. Bh4 Re8 11. Qc2 Ne4 12. Bg3 Nxg3 13. hxg3 Bd6 14. Rab1
Nf6 15. b4 b5 16. Bf5 Bxf5 17. Qxf5 Nd7 18. Rfc1 Nb6 19. Ne2 Nc4 20. Nf4 Bxf4
21. gxf4 Qe7 22. Ne5 Qe6 23. g4 a5 24. Qxe6 Rxe6 25. f5 Rd6 26. Nd3 axb4 27.
Nxb4 g6 28. Kg2 Kg7 29. Kg3 h5 30. Kf4 hxg4 31. fxg6 Rf6+ 32. Kg3 Kxg6 33. Rh1
Kg5 34. Rh7 Nd2 35. Rbh1 Ne4+ 36. Kg2 Rxf2+ 37. Kg1 Rf6 38. R1h5+ Kg6 39. Nd3
Rf1+ 0-1

[Event "XXVIII Festival A"]
[Site "Arco ITA"]
[Date "2006.10.26"]
[Round "6"]
[White "Marson, Antonio"]
[Black "Bortolotti, Silvano"]
[Result "1/2-1/2"]
[WhiteElo "1864"]
[BlackElo "1744"]
[PlyCount "33"]
[EventDate "2006.10.21"]

1. d4 g6 2. Bf4 d6 3. e3 Nf6 4. h3 Bg7 5. Nf3 O-O 6. Be2 Nbd7 7. O-O Nh5 8. Bh2
h6 9. a4 a5 10. Na3 e6 11. c3 Kh7 12. Re1 f5 13. Nd2 d5 14. Bxh5 gxh5 15. Qxh5
e5 16. Nc2 Nf6 17. Qe2 1/2-1/2

[Event "XXVIII Festival A"]
[Site "Arco ITA"]
[Date "2006.10.26"]
[Round "6"]
[White "Mercandelli, Claudio"]
[Black "Huettemann, Ralf"]
[Result "0-1"]
[WhiteElo "2020"]
[BlackElo "1949"]
[PlyCount "68"]
[EventDate "2006.10.21"]

1. c4 e5 2. g3 d6 3. Bg2 f5 4. d3 Nf6 5. Nc3 c6 6. Nf3 Be7 7. Rb1 O-O 8. O-O a5
9. a3 Kh8 10. b4 axb4 11. axb4 Be6 12. Qc2 Qe8 13. b5 Qh5 14. c5 Nbd7 15. bxc6
bxc6 16. cxd6 Bxd6 17. d4 e4 18. Ng5 Bg8 19. Nh3 h6 20. Nf4 Qe8 21. f3 g5 22.
Nh3 e3 23. Rb7 Nd5 24. Nxd5 Bxd5 25. f4 Ra2 26. Qd3 g4 27. Bxd5 cxd5 28. Qb5
Nf6 29. Qb6 Ne4 30. Ng5 hxg5 31. fxg5 Rxe2 32. Ba3 Nxg5 33. Qxd6 Nh3+ 34. Kh1
Qe4+ 0-1